000 00590nam a22001697a 4500
005 20170821103345.0
020 _a9789386394187
_c875.00
035 _aB-667831
037 _bRHSP/Ven.
082 _a346.54066
245 _aTaxmann's companies act with rules /
260 _aNew Delhi
_bTaxmann Publications
_c2017
270 _a59/32 ,New Rohtak Road,
_bNew Delhi
_e110005
300 _av.p.
_c25cm(pbk)
_bill
942 _2ddc
_cEN
_h346.54066
_mTAX
999 _c143579
_d143579